| 000 | 00548pab a2200181 454500 | ||
|---|---|---|---|
| 008 | 180718b2007 xxu||||| |||| 00| 0 eng d | ||
| 100 | _aSooden, Meenakshi | ||
| 245 | _aIndustrial sector investment in border and non-border districts of Punjab: a comparative analysis | ||
| 260 | _c2007 | ||
| 300 | _ap.38-54. | ||
| 650 | _aIndustrial development - India - Punjab | ||
| 650 | _aIndustrial development | ||
| 700 | _aKeshav, Suman | ||
| 700 | _aSarna, Kamini | ||
| 773 | _aResearch Journal of Social Sciences | ||
| 908 | _aN | ||
| 909 | _a80103 | ||
| 999 |
_c80103 _d80103 |
||